[Event "4NCL/Div4/BRJ vs. GLOSG"]
[Site "West Bromwich ENG"]
[Date "2005.11.06"]
[Round "2.6"]
[White "Ponter, Ian"]
[Black "Hall, Joshua D"]
[Result "1-0"]
[WhiteElo "2050"]
[BlackElo "2020"]
[PlyCount "225"]
[EventDate "2005.11.06"]
[SourceDate "2005.10.25"]

1. e4 d5 2. exd5 Nf6 3. d4 Nxd5 4. c4 Nf6 5. Nc3 e5 6. dxe5 Qxd1+ 7. Nxd1 Ne4
8. a3 Nc6 9. Nf3 Bg4 10. Be2 O-O-O 11. h3 Bh5 12. g4 Bg6 13. O-O Bc5 14. Be3
Bxe3 15. Nxe3 Rhe8 16. Rad1 Nxe5 17. Rxd8+ Kxd8 18. Nxe5 Rxe5 19. f4 Re8 20. f5
Ng3 21. Rd1+ Kc8 22. Kf2 Bxf5 23. Nxf5 Ne4+ 24. Ke1 g6 25. Nd4 a6 26. Rd3 Nc5
27. Rf3 Re4 28. Nb3 Na4 29. Rxf7 b6 30. Nd2 Re3 31. Rf3 Re7 32. Kf2 Nxb2 33.
Nb3 Na4 34. Bd1 Rd7 35. Rf8+ Kb7 36. Bf3+ c6 37. Ke3 Nb2 38. Be2 a5 39. Re8 Kc7
40. Nd4 Rf7 41. Re6 Kd7 42. Re4 Na4 43. Nf3 Kd6 44. Ng5 Rb7 45. Re6+ Kd7 46.
Rf6 Ke8 47. Rxc6 Nc5 48. Bf3 Re7+ 49. Ne4 Na4 50. Kf4 Rf7+ 51. Nf6+ Kf8 52. g5
Nb2 53. Rc8+ Ke7 54. Bd5 Rg7 55. Re8+ Kd6 56. Re6+ Kc5 57. Rc6+ Kd4 58. Rxb6
Nd3+ 59. Kg3 Re7 60. Ng4 Nc5 61. Rb8 Re1 62. Ra8 Rg1+ 63. Kh2 Ra1 64. Rxa5 Nd3
65. Ra8 Nf4 66. Bg8 Ra2+ 67. Kg3 Nh5+ 68. Kf3 Rc2 69. Rd8+ Kc5 70. Rd3 Rc1 71.
Rd5+ Kc6 72. Ne5+ Kc7 73. Bxh7 Rf1+ 74. Ke3 Rh1 75. Bxg6 Rxh3+ 76. Kd4 Nf4 77.
Rc5+ Kb7 78. Be4+ Kb6 79. Nd7+ Ka6 80. Rc6+ Ka7 81. Rc7+ Ka6 82. Bb7+ Ka5 83.
Rc5+ Ka4 84. Nb6+ Kxa3 85. Ra5+ Kb4 86. Rb5+ Ka3 87. c5 Ne6+ 88. Ke5 Nc7 89.
Ra5+ Kb4 90. Ra1 Kxc5 91. Nd7+ Kb5 92. Rb1+ Ka4 93. Bc6+ Ka3 94. Rg1 Ne8 95. g6
Rh6 96. Nf6 Ng7 97. Rg3+ Kb4 98. Nd5+ Kc5 99. Ne7 Nh5 100. Rg5 Kb6 101. Bf3 Ng7
102. Kf6 Ne8+ 103. Ke5 Kc7 104. Nf5 Rh3 105. g7 Nxg7 106. Rxg7+ Kb6 107. Be4
Rh2 108. Rg6+ Kb5 109. Nd4+ Kb4 110. Rb6+ Kc3 111. Rb3+ Kc4 112. Bd5+ Kc5 113.
Rb5# 1-0

[Event "4NCL/Div4/SUFFP vs. GUI4"]
[Site "West Bromwich ENG"]
[Date "2005.11.06"]
[Round "2.1"]
[White "Munson, Shaun D"]
[Black "Frostick, Clive A"]
[Result "1-0"]
[WhiteElo "2225"]
[BlackElo "2220"]
[PlyCount "71"]
[EventDate "2005.11.06"]
[SourceDate "2005.10.25"]

1. d4 d5 2. Bg5 h6 3. Bh4 c6 4. Nc3 Qb6 5. Rb1 Bf5 6. e3 e6 7. Bd3 Bxd3 8. cxd3
Ne7 9. Nf3 Nf5 10. Bg3 Nxg3 11. hxg3 Nd7 12. O-O Bd6 13. b4 O-O 14. Qb3 Qd8 15.
e4 Bc7 16. a4 dxe4 17. dxe4 Nf6 18. Rfe1 a6 19. Rbd1 Re8 20. a5 b6 21. axb6
Bxb6 22. Qc4 a5 23. bxa5 Bxa5 24. Re2 Bxc3 25. Qxc3 Qc7 26. Rc1 Rec8 27. Ne5
Ra6 28. Qd3 Qb7 29. Rec2 Rb6 30. Nc4 Rb3 31. Qd1 Qb4 32. e5 Nd5 33. Nd6 Rc7 34.
Rc4 Qa3 35. Ra1 Qb2 36. Rc2 1-0

[Event "4NCL/Div4/SUFFP vs. GUI4"]
[Site "West Bromwich ENG"]
[Date "2005.11.06"]
[Round "2.2"]
[White "Allinson, Julian"]
[Black "Gregory, Stephen J"]
[Result "1-0"]
[WhiteElo "2205"]
[BlackElo "2155"]
[PlyCount "127"]
[EventDate "2005.11.06"]
[SourceDate "2005.10.25"]

1. d4 Nf6 2. Nf3 d6 3. g3 g6 4. Bg2 Bg7 5. O-O O-O 6. c4 Nbd7 7. Nc3 e5 8. Qc2
exd4 9. Nxd4 Re8 10. Bg5 h6 11. Bd2 a6 12. Rad1 Ne5 13. b3 Rb8 14. h3 c5 15.
Nf3 Bf5 16. Qc1 Nxf3+ 17. exf3 Qa5 18. Ne4 Qxa2 19. Nxd6 Bc2 20. Nxe8 Nxe8 21.
Bf4 Bxd1 22. Bxb8 Bxb3 23. Qe3 Nf6 24. Qxc5 Bxc4 25. Rd1 Kh7 26. Be5 Be2 27.
Rd8 Qe6 28. Qd4 Qe7 29. f4 Bb5 30. Bxb7 Qxb7 31. Bxf6 Bc6 32. Bxg7 Qb1+ 33. Qd1
Qe4 34. f3 Qe3+ 35. Kg2 Kxg7 36. Rd6 Qe8 37. Qd4+ Kh7 38. Kf2 Bb5 39. Qd2 Qc8
40. g4 Qc5+ 41. Kg2 a5 42. f5 a4 43. fxg6+ fxg6 44. Qf4 Be8 45. Re6 Qc2+ 46.
Kg3 Qc5 47. Qe3 Qxe3 48. Rxe3 Bf7 49. Kf4 Kg7 50. h4 Kf6 51. g5+ hxg5+ 52.
hxg5+ Kg7 53. Ke5 Bb3 54. Rc3 Bf7 55. Rc7 a3 56. Ra7 a2 57. f4 Kh8 58. Kf6 Bd5
59. Kxg6 Kg8 60. Kf6 Kh8 61. g6 Kg8 62. f5 Kh8 63. Ke5 Bb3 64. f6 1-0

[Event "4NCL/Div4/SUFFP vs. GUI4"]
[Site "West Bromwich ENG"]
[Date "2005.11.06"]
[Round "2.3"]
[White "Gray, Mark S"]
[Black "Andersson, Frans"]
[Result "1/2-1/2"]
[WhiteElo "2105"]
[BlackElo "2135"]
[PlyCount "46"]
[EventDate "2005.11.06"]
[SourceDate "2005.10.25"]

1. e4 c5 2. d4 cxd4 3. c3 dxc3 4. Nxc3 Nc6 5. Nf3 e6 6. Bc4 a6 7. O-O Nge7 8.
Bg5 f6 9. Be3 Ng6 10. Nd4 Nxd4 11. Qxd4 Qc7 12. Rfd1 Ne5 13. Bb3 Ng4 14. Rac1
Qxh2+ 15. Kf1 Qe5 16. Qxe5 Nxe5 17. Na4 Nc6 18. Nb6 Rb8 19. Rd3 Be7 20. Rcd1
Ne5 21. Rc3 Nc6 22. Rcd3 Ne5 23. Rc3 Nc6 1/2-1/2

[Event "4NCL/Div4/SUFFP vs. GUI4"]
[Site "West Bromwich ENG"]
[Date "2005.11.06"]
[Round "2.4"]
[White "Horton, Justin"]
[Black "Wallis, Ian"]
[Result "1/2-1/2"]
[WhiteElo "2110"]
[BlackElo "2100"]
[PlyCount "31"]
[EventDate "2005.11.06"]
[SourceDate "2005.10.25"]

1. Nf3 Nc6 2. d4 d5 3. c4 Bg4 4. Nc3 e6 5. Bf4 Bxf3 6. gxf3 Bd6 7. Bxd6 Qxd6 8.
e3 Nf6 9. c5 Qe7 10. f4 O-O 11. Be2 Qd8 12. h4 Ne7 13. Qc2 b6 14. Na4 Nf5 15.
Rc1 g6 16. h5 1/2-1/2

[Event "4NCL/Div4/SUFFP vs. GUI4"]
[Site "West Bromwich ENG"]
[Date "2005.11.06"]
[Round "2.5"]
[White "Feavyour, John"]
[Black "Hill, David F"]
[Result "1-0"]
[WhiteElo "2035"]
[BlackElo "2070"]
[PlyCount "153"]
[EventDate "2005.11.06"]
[SourceDate "2005.10.25"]

1. d4 Nf6 2. c4 e6 3. Nc3 c5 4. d5 exd5 5. cxd5 d6 6. e4 g6 7. f4 Bg7 8. Nf3
O-O 9. Bd3 c4 10. Bc2 b5 11. O-O Qb6+ 12. Qd4 Qxd4+ 13. Nxd4 b4 14. Nce2 Nbd7
15. Nc6 a5 16. Ned4 Re8 17. Nb5 Rf8 18. Nxd6 Ba6 19. Ne7+ Kh8 20. e5 Ne8 21.
Ne4 f5 22. Ng5 b3 23. Bd1 c3 24. Re1 Nc5 25. Be2 Bxe2 26. Rxe2 bxa2 27. Rxa2
Nd3 28. Rc2 cxb2 29. Bxb2 Nxf4 30. Rd2 h6 31. Nf3 Kh7 32. g3 Nh3+ 33. Kg2 Ng5
34. Nxg5+ hxg5 35. d6 g4 36. d7 Nc7 37. Nc6 Ne6 38. Rxa5 Rxa5 39. Nxa5 Nd8 40.
Nc4 Rf7 41. Bc3 Bh6 42. Rd3 Bg5 43. Ba5 Nb7 44. d8=Q Bxd8 45. Bxd8 Nxd8 46.
Rxd8 Re7 47. Kf2 Kg7 48. Ke3 g5 49. Rd6 Rc7 50. Kd4 f4 51. gxf4 gxf4 52. Rf6 f3
53. Rf4 Rf7 54. Rxg4+ Kf8 55. Rg1 Rf4+ 56. Kd3 Ke7 57. Rf1 Rh4 58. Rf2 Ke6 59.
Nd2 Ra4 60. Nxf3 Kf5 61. Rf1 Ra3+ 62. Kc4 Ra4+ 63. Kb5 Ra3 64. h4 Rb3+ 65. Kc5
Ra3 66. h5 Ra5+ 67. Kb6 Ra8 68. h6 Re8 69. Kc7 Re7+ 70. Kd8 Rh7 71. Rh1 Kg6 72.
e6 Rh8+ 73. Ke7 Kh7 74. Kf7 Ra8 75. Ng5+ Kh8 76. e7 Ra7 77. Ra1 1-0

[Event "4NCL/Div4/SUFFP vs. GUI4"]
[Site "West Bromwich ENG"]
[Date "2005.11.06"]
[Round "2.6"]
[White "Smart, Michael R"]
[Black "Clapham, Michael"]
[Result "1-0"]
[WhiteElo "2070"]
[BlackElo "2005"]
[PlyCount "63"]
[EventDate "2005.11.06"]
[SourceDate "2005.10.25"]

1. e4 d5 2. exd5 Nf6 3. d4 Bg4 4. Be2 Bxe2 5. Qxe2 Qxd5 6. Nf3 e6 7. O-O Bd6 8.
Bg5 Nc6 9. Rd1 O-O-O 10. Nc3 Qf5 11. Qb5 Qxb5 12. Nxb5 Be7 13. c4 a6 14. Nc3 h6
15. Bh4 Rd7 16. d5 exd5 17. cxd5 Nd8 18. Ne5 Rd6 19. Nc4 Rd7 20. Rac1 Kb8 21.
Bg3 Bb4 22. d6 Bxd6 23. Nxd6 cxd6 24. Bxd6+ Ka7 25. Na4 Ne6 26. Nc5 Nxc5 27.
Bxc5+ Kb8 28. Rxd7 Nxd7 29. Bd6+ Ka8 30. Rc7 Nb6 31. Rxf7 Rd8 32. Rf8 1-0

[Event "4NCL/Div4/GREN vs. MET"]
[Site "West Bromwich ENG"]
[Date "2005.11.06"]
[Round "2.1"]
[White "Osborne, David C"]
[Black "Calvert, D Ian"]
[Result "1/2-1/2"]
[WhiteElo "2085"]
[BlackElo "2075"]
[PlyCount "33"]
[EventDate "2005.11.06"]
[SourceDate "2005.10.25"]

1. e4 d5 2. Nc3 dxe4 3. Nxe4 Nd7 4. g3 Ngf6 5. Nxf6+ Nxf6 6. Bg2 g6 7. Nf3 Bg7
8. O-O O-O 9. d4 Be6 10. Qe2 Re8 11. h3 Qc8 12. Kh2 c5 13. dxc5 Qxc5 14. Be3
Qh5 15. Nd4 Qxe2 16. Nxe2 Bd5 17. Rfd1 1/2-1/2

[Event "4NCL/Div4/GREN vs. MET"]
[Site "West Bromwich ENG"]
[Date "2005.11.06"]
[Round "2.2"]
[White "Fegan, Chris"]
[Black "Gilbert, Alistair A"]
[Result "1-0"]
[WhiteElo "2115"]
[BlackElo "2030"]
[PlyCount "71"]
[EventDate "2005.11.06"]
[SourceDate "2005.10.25"]

1. d4 c5 2. e3 cxd4 3. exd4 g6 4. Nf3 Bg7 5. Bd3 Nf6 6. O-O O-O 7. Re1 b6 8.
Bg5 Bb7 9. Nbd2 d6 10. Rc1 Nbd7 11. c4 Re8 12. b4 a5 13. c5 dxc5 14. bxc5 bxc5
15. dxc5 Nxc5 16. Bb5 Nd3 17. Bxe8 Qxe8 18. Rc7 Bxf3 19. Nxf3 Nxe1 20. Qxe1 Nd5
21. Rc5 Nb4 22. Qe2 Qa4 23. h3 Qxa2 24. Qb5 Qb1+ 25. Kh2 Qe4 26. Rc4 Qd5 27.
Rxb4 Qd6+ 28. Rf4 h6 29. g3 hxg5 30. Nxg5 Qe5 31. Qc4 Qxg5 32. Qxf7+ Kh8 33.
Rh4+ Qxh4 34. gxh4 a4 35. Qxg6 a3 36. Qh5+ 1-0

[Event "4NCL/Div4/GREN vs. MET"]
[Site "West Bromwich ENG"]
[Date "2005.11.06"]
[Round "2.3"]
[White "Greely, Simon"]
[Black "Dickson, George"]
[Result "0-1"]
[WhiteElo "2010"]
[BlackElo "2090"]
[PlyCount "74"]
[EventDate "2005.11.06"]
[SourceDate "2005.10.25"]

1. d4 f5 2. c4 Nf6 3. Nc3 g6 4. Nf3 Bg7 5. g3 O-O 6. Bg2 d6 7. O-O Nc6 8. d5
Ne5 9. Nxe5 dxe5 10. e4 f4 11. gxf4 exf4 12. e5 Ng4 13. e6 Ne5 14. c5 c6 15.
dxc6 Qxd1 16. Rxd1 bxc6 17. Nb5 Bxe6 18. Nc7 Bg4 19. Nxa8 Bxd1 20. Bxf4 Nf3+
21. Kh1 Be2 22. Bg5 Rxa8 23. Bxe7 Rb8 24. a4 Rxb2 25. Bh3 Bc4 26. Rd1 Bd4 27.
Bg2 Bd5 28. h4 Kf7 29. Bd6 Ra2 30. Rb1 Ra1 31. Rxa1 Bxa1 32. Bb8 a5 33. Bc7 Bc3
34. h5 gxh5 35. Bb8 Be4 36. Bc7 Ke6 37. Bd6 Kd5 0-1

[Event "4NCL/Div4/GREN vs. MET"]
[Site "West Bromwich ENG"]
[Date "2005.11.06"]
[Round "2.4"]
[White "Djabri, Katherine"]
[Black "Grossett, Duncan D"]
[Result "0-1"]
[WhiteElo "2065"]
[BlackElo "2035"]
[PlyCount "120"]
[EventDate "2005.11.06"]
[SourceDate "2005.10.25"]

1. e4 g6 2. d4 Bg7 3. Nc3 d6 4. Bg5 a6 5. a4 c5 6. d5 Nd7 7. f4 Qa5 8. Qd2 Ngf6
9. Bd3 b5 10. Nf3 c4 11. e5 cxd3 12. exf6 Nxf6 13. cxd3 b4 14. Bxf6 Bxf6 15.
Ne4 Bg7 16. O-O O-O 17. Nh4 Qxd5 18. Qxb4 Bg4 19. Qd2 Qd4+ 20. Kh1 Qxb2 21. Qe3
Qe2 22. Rae1 Qxe3 23. Rxe3 Bd7 24. f5 Rab8 25. f6 Bxf6 26. Nxf6+ exf6 27. Re4
Rb3 28. Rd4 Rb6 29. h3 Kg7 30. Nf3 Re8 31. Rf2 Re3 32. Nd2 d5 33. Kh2 Be6 34.
Nf3 Rb3 35. Rd2 Bf5 36. Rxd5 Rexd3 37. R2xd3 Rxd3 38. Ra5 Rd6 39. Kg3 Be4 40.
Kf4 Bb7 41. Rc5 Rc6 42. Ra5 Rc2 43. Kg3 Ra2 44. h4 h6 45. Kh3 g5 46. hxg5 fxg5
47. Nd4 Bxg2+ 48. Kg3 Bf1 49. Nc6 f6 50. Nb4 Ra3+ 51. Kf2 Bb5 52. Nxa6 Rxa4 53.
Rxa4 Bxa4 54. Nc5 Bc2 55. Ne6+ Kf7 56. Nd4 Be4 57. Kg3 f5 58. Ne2 Kf6 59. Ng1
h5 60. Nh3 h4+ 0-1

[Event "4NCL/Div4/GREN vs. MET"]
[Site "West Bromwich ENG"]
[Date "2005.11.06"]
[Round "2.5"]
[White "Hibbitt, Arthur M"]
[Black "Syed, Nayeem"]
[Result "0-1"]
[WhiteElo "1950"]
[BlackElo "1965"]
[PlyCount "50"]
[EventDate "2005.11.06"]
[SourceDate "2005.10.25"]

1. d4 d5 2. Nf3 c6 3. Bf4 Nf6 4. e3 Bf5 5. h3 e6 6. Nbd2 Qb6 7. Qc1 Bb4 8. c3
Be7 9. Be2 Nbd7 10. O-O c5 11. Nh4 Nh5 12. Nxf5 Nxf4 13. Nxg7+ Kf8 14. exf4
Kxg7 15. Nf3 cxd4 16. Nxd4 Rhg8 17. Qc2 Kh8 18. Rad1 Qc7 19. f5 e5 20. Nb5 Qc6
21. Qb3 a6 22. Rxd5 Nf6 23. Bf3 axb5 24. Rd3 e4 25. Qxf7 Rg7 0-1

[Event "4NCL/Div4/GREN vs. MET"]
[Site "West Bromwich ENG"]
[Date "2005.11.06"]
[Round "2.6"]
[White "Cooke, Charlie"]
[Black "Butterworth, Paul"]
[Result "1-0"]
[WhiteElo "1880"]
[BlackElo "1890"]
[PlyCount "98"]
[EventDate "2005.11.06"]
[SourceDate "2005.10.25"]

1. d4 Nf6 2. c4 g6 3. Nc3 Bg7 4. Bg5 c5 5. d5 d6 6. e4 O-O 7. Qd2 Na6 8. Bh6
Nc7 9. Bxg7 Kxg7 10. f4 a6 11. Bd3 Nd7 12. Nf3 e5 13. fxe5 Nxe5 14. Nxe5 dxe5
15. O-O-O Ne8 16. h3 Nd6 17. b3 Bd7 18. Qe2 b5 19. Kb2 b4 20. Nb1 a5 21. Nd2 a4
22. Bc2 Ra5 23. g4 Qe7 24. bxa4 Rfa8 25. Ra1 Bxa4 26. Nb3 Nxc4+ 27. Qxc4 Rb5
28. Bd3 Rc8 29. Nd2 Rb7 30. Rac1 Ra7 31. Bc2 Bd7 32. Bb3 Ra5 33. Rcf1 Qg5 34.
Qe2 Bb5 35. Nc4 Ra7 36. h4 Qd8 37. g5 Rca8 38. Rf2 Ba4 39. Bxa4 Rxa4 40. Kb1 b3
41. a3 Rxa3 42. Nxa3 Rxa3 43. Qb2 Qa8 44. Qxe5+ Kg8 45. Qf6 Ra7 46. Rh3 c4 47.
h5 Qe8 48. Qd4 Qa4 49. h6 Qa6 1-0

[Event "4NCL/Div4/SLOS4 vs. NOTT1"]
[Site "West Bromwich ENG"]
[Date "2005.11.06"]
[Round "2.1"]
[White "Ufodike, Bel"]
[Black "Barnes, Michael H"]
[Result "1-0"]
[WhiteElo "2090"]
[BlackElo "2200"]
[PlyCount "87"]
[EventDate "2005.11.06"]
[SourceDate "2005.10.25"]

1. d4 Nf6 2. c4 g6 3. f3 Bg7 4. e4 d6 5. Be3 O-O 6. Nc3 c5 7. dxc5 dxc5 8. Qxd8
Rxd8 9. Bxc5 Nc6 10. Nge2 Nd7 11. Ba3 Nde5 12. Nf4 e6 13. Rd1 Rxd1+ 14. Nxd1 b6
15. Kf2 Bh6 16. g3 Ba6 17. b3 Rd8 18. Be2 Nd4 19. Nc3 Nxe2 20. Kxe2 Bg7 21. Rc1
Nc6 22. h4 Be5 23. Ke3 h6 24. Nfe2 Nd4 25. f4 Bg7 26. e5 Nf5+ 27. Kf2 Bb7 28.
g4 Nd4 29. Rd1 Nc6 30. Rxd8+ Nxd8 31. g5 Nc6 32. Ke3 h5 33. Ne4 Bf8 34. Nf6+
Kg7 35. Ne8+ Kg8 36. Bxf8 Kxf8 37. Nd6 Ba8 38. Nd4 Ne7 39. a3 a6 40. Kd3 Nf5
41. N4xf5 exf5 42. b4 Bc6 43. b5 axb5 44. cxb5 1-0

[Event "4NCL/Div4/SLOS4 vs. NOTT1"]
[Site "West Bromwich ENG"]
[Date "2005.11.06"]
[Round "2.2"]
[White "Richmond, Robert J"]
[Black "Cox, Tristan"]
[Result "1/2-1/2"]
[WhiteElo "2190"]
[BlackElo "2095"]
[PlyCount "75"]
[EventDate "2005.11.06"]
[SourceDate "2005.10.25"]

1. d4 Nf6 2. c4 c5 3. d5 b5 4. cxb5 a6 5. e3 e6 6. Nc3 axb5 7. dxe6 fxe6 8.
Bxb5 Bb7 9. Nf3 Be7 10. O-O O-O 11. b3 Nc6 12. Bb2 d5 13. Na4 Bd6 14. Rc1 Qa5
15. Qe2 Na7 16. Bd3 c4 17. Bc2 Ba6 18. b4 Bxb4 19. Nc3 Nb5 20. Nxb5 c3 21. Ba1
Bxb5 22. Bd3 Bxd3 23. Qxd3 Ne4 24. Nd4 Qxa2 25. f3 Qd2 26. Qxd2 cxd2 27. Rb1
Nc3 28. Bxc3 Bxc3 29. Nxe6 Rfb8 30. Rbd1 Ra3 31. Kf2 Ba5 32. Ra1 Rbb3 33. Rxa3
Rxa3 34. Nf4 Bb6 35. Nxd5 Rd3 36. Nxb6 d1=Q 37. Rxd1 Rxd1 38. Nc4 1/2-1/2

[Event "4NCL/Div4/SLOS4 vs. NOTT1"]
[Site "West Bromwich ENG"]
[Date "2005.11.06"]
[Round "2.3"]
[White "Varnam, Liam D"]
[Black "Mercs, Peter J"]
[Result "1-0"]
[WhiteElo "2110"]
[BlackElo "2110"]
[PlyCount "77"]
[EventDate "2005.11.06"]
[SourceDate "2005.10.25"]

1. e4 c5 2. Nc3 d6 3. g3 g6 4. Bg2 Bg7 5. Nge2 e5 6. O-O Ne7 7. d3 Nbc6 8. Be3
O-O 9. Qd2 Rb8 10. a4 b6 11. Na2 Nd4 12. Nxd4 cxd4 13. Bh6 Bb7 14. Bxg7 Kxg7
15. c3 dxc3 16. bxc3 d5 17. exd5 Bxd5 18. Bxd5 Qxd5 19. Nb4 Qd6 20. a5 b5 21.
Qe3 Rb7 22. f4 exf4 23. Rxf4 Nf5 24. Qf3 Re7 25. g4 Nh4 26. Qf2 g5 27. Rd4 Qe6
28. Nd5 Rd7 29. Nb4 Rxd4 30. Qxd4+ f6 31. Qxa7+ Rf7 32. Qf2 Qxg4+ 33. Kh1 Qc8
34. Ra3 Qa8+ 35. Kg1 Re7 36. Ra1 Nf3+ 37. Kg2 Re2 38. Qxe2 Ne1+ 39. Kf2 1-0

[Event "4NCL/Div4/SLOS4 vs. NOTT1"]
[Site "West Bromwich ENG"]
[Date "2005.11.06"]
[Round "2.4"]
[White "Truman, Richard G"]
[Black "Makepeace, Philip J"]
[Result "1-0"]
[WhiteElo "2070"]
[BlackElo "2050"]
[PlyCount "43"]
[EventDate "2005.11.06"]
[SourceDate "2005.10.25"]

1. d4 Nf6 2. c4 c5 3. d5 b5 4. Nf3 g6 5. cxb5 a6 6. b6 Qxb6 7. Nc3 d6 8. e4 Bg7
9. Be2 Nbd7 10. O-O O-O 11. Nd2 Ne5 12. h3 g5 13. a4 g4 14. a5 Qa7 15. f4 c4+
16. Kh2 gxh3 17. fxe5 hxg2 18. Kxg2 dxe5 19. Nxc4 Nxe4 20. Nxe4 f5 21. Bd3 Qc7
22. Nb6 1-0

[Event "4NCL/Div4/SLOS4 vs. NOTT1"]
[Site "West Bromwich ENG"]
[Date "2005.11.06"]
[Round "2.5"]
[White "Foster, Cyril"]
[Black "Burke, Steven J"]
[Result "1/2-1/2"]
[WhiteElo "2005"]
[BlackElo "2065"]
[PlyCount "74"]
[EventDate "2005.11.06"]
[SourceDate "2005.10.25"]

1. e4 c5 2. Nc3 d6 3. f4 Nc6 4. Nf3 g6 5. Bb5 Bg7 6. d3 a6 7. Bxc6+ bxc6 8. O-O
e6 9. Qe1 Rb8 10. e5 d5 11. Qf2 Bf8 12. b3 Nh6 13. Na4 Ng4 14. Qg3 h5 15. h3
Nh6 16. Qf2 d4 17. Ba3 Qa5 18. Nd2 Nf5 19. Nc4 Qd8 20. Bxc5 Qd5 21. Bxf8 Kxf8
22. Qf3 Qb5 23. g4 hxg4 24. hxg4 c5 25. gxf5 Bb7 26. Nd6 Bxf3 27. Nxb5 axb5 28.
Rxf3 bxa4 29. f6 Ke8 30. Kg2 Kd7 31. Rh1 Rxh1 32. Kxh1 axb3 33. cxb3 Kc6 34.
Rf2 Kd5 35. Rg2 Ra8 36. Kh2 Rh8+ 37. Kg3 Rh1 1/2-1/2

[Event "4NCL/Div4/SLOS4 vs. NOTT1"]
[Site "West Bromwich ENG"]
[Date "2005.11.06"]
[Round "2.6"]
[White "Lakhani, Kishan"]
[Black "Lewis, Andrew"]
[Result "1/2-1/2"]
[WhiteElo "2010"]
[BlackElo "1990"]
[PlyCount "59"]
[EventDate "2005.11.06"]
[SourceDate "2005.10.25"]

1. e4 c5 2. Nf3 d6 3. c3 Nf6 4. Be2 Nc6 5. d4 cxd4 6. cxd4 Nxe4 7. d5 Qa5+ 8.
Nc3 Nxc3 9. bxc3 Nd8 10. O-O g6 11. Rb1 Bd7 12. Nd4 Bg7 13. Re1 O-O 14. Bb5
Bxb5 15. Rxb5 Qxc3 16. Bb2 Qc7 17. Rb3 Re8 18. Rbe3 Qd7 19. Qe2 Kf8 20. Nb5
Bxb2 21. Qxb2 Kg8 22. Rc3 Nc6 23. dxc6 bxc6 24. Nd4 Rab8 25. Qd2 c5 26. Nb3 Qc7
27. Qg5 e6 28. Nd2 d5 29. Rh3 c4 30. Nf3 1/2-1/2

[Event "4NCL/Div4/SCS vs. CAV"]
[Site "West Bromwich ENG"]
[Date "2005.11.06"]
[Round "2.1"]
[White "Moyse, Nigel"]
[Black "Harman, Kenneth B"]
[Result "0-1"]
[WhiteElo "2160"]
[BlackElo "2160"]
[PlyCount "88"]
[EventDate "2005.11.06"]
[SourceDate "2005.10.25"]

1. d4 Nc6 2. d5 Ne5 3. e4 e6 4. f4 Ng6 5. c4 Bc5 6. Nf3 Nf6 7. f5 exf5 8. exf5
Qe7+ 9. Qe2 Qxe2+ 10. Bxe2 Ne7 11. Bd3 d6 12. Nh4 Ng4 13. Rf1 f6 14. Bf4 O-O
15. h3 Ne5 16. Bxe5 fxe5 17. Nc3 Bb4 18. Kd2 Bd7 19. g4 a6 20. Nf3 h6 21. a4 c6
22. Kc2 cxd5 23. cxd5 Rac8 24. Kb3 Bxc3 25. bxc3 Nxd5 26. Bc4 Rxc4 27. Kxc4
Ne3+ 28. Kb4 Nxf1 29. Rxf1 Bc6 30. Nh4 Re8 31. a5 e4 32. f6 Rf8 33. Rd1 Rxf6
34. Nf5 g6 35. Nxh6+ Kg7 36. g5 Rf4 37. Rd4 Rf3 38. Rxd6 e3 39. Rd1 Rf4+ 40.
Kc5 e2 41. Re1 Bb5 42. c4 Rxc4+ 43. Kd5 Rf4 44. Rc1 Bc6+ 0-1

[Event "4NCL/Div4/SCS vs. CAV"]
[Site "West Bromwich ENG"]
[Date "2005.11.06"]
[Round "2.2"]
[White "Egan, Michael PW"]
[Black "Reynolds, D Ian"]
[Result "1/2-1/2"]
[WhiteElo "2080"]
[BlackElo "2125"]
[PlyCount "43"]
[EventDate "2005.11.06"]
[SourceDate "2005.10.25"]

1. c4 Nf6 2. g3 g6 3. Bg2 Bg7 4. Nf3 O-O 5. O-O d6 6. Nc3 e5 7. d3 Re8 8. Rb1
c6 9. e4 a5 10. h3 Na6 11. Re1 Be6 12. b3 Qc7 13. d4 exd4 14. Nxd4 Rad8 15. Bf4
Bc8 16. Rc1 Nh5 17. Be3 Bf8 18. Bg5 f6 19. Be3 Ng7 20. Bh6 Qf7 21. Qd2 Nc5 22.
Rcd1 1/2-1/2

[Event "4NCL/Div4/SCS vs. CAV"]
[Site "West Bromwich ENG"]
[Date "2005.11.06"]
[Round "2.3"]
[White "Kilpatrick, Callum"]
[Black "Hamblin, David J"]
[Result "1/2-1/2"]
[WhiteElo "2070"]
[BlackElo "2025"]
[PlyCount "115"]
[EventDate "2005.11.06"]
[SourceDate "2005.10.25"]

1. e4 c5 2. Nf3 d6 3. d4 cxd4 4. Nxd4 Nf6 5. Nc3 g6 6. Be2 Bg7 7. O-O O-O 8.
Bg5 Nc6 9. Nb3 Be6 10. Kh1 Qc8 11. f4 Rd8 12. Bf3 Bg4 13. h3 Bxf3 14. Qxf3 Qe6
15. Nd5 Qd7 16. Bxf6 Bxf6 17. Nxf6+ exf6 18. Rad1 Qe7 19. Nd4 Rac8 20. c4 Nxd4
21. Rxd4 Re8 22. Rfd1 Rcd8 23. Qd3 b6 24. b4 Qc7 25. Rd5 Rc8 26. Rc1 Qe7 27.
Rd4 Kg7 28. Kg1 b5 29. Rc2 bxc4 30. Rcxc4 Rxc4 31. Qxc4 Qb7 32. Rd5 Rc8 33. Qd4
Qc7 34. e5 dxe5 35. fxe5 fxe5 36. Rxe5 Kg8 37. Rc5 Qb7 38. Rxc8+ Qxc8 39. Qxa7
Qc1+ 40. Kf2 Qd2+ 41. Kf3 Qxb4 42. a4 Qc3+ 43. Ke4 Qc2+ 44. Ke5 Qxg2 45. a5
Qxh3 46. a6 Qe6+ 47. Kd4 Qd6+ 48. Kc4 Qc6+ 49. Kb4 Qd6+ 50. Kb5 Qd3+ 51. Kb6
Qd6+ 52. Kb7 Qd5+ 53. Kc7 Qe5+ 54. Kc8 Qe8+ 55. Kc7 Qe5+ 56. Kd8 Qd6+ 57. Ke8
Qe6+ 58. Kd8 1/2-1/2

[Event "4NCL/Div4/SCS vs. CAV"]
[Site "West Bromwich ENG"]
[Date "2005.11.06"]
[Round "2.4"]
[White "Tart, Peter"]
[Black "Sen, Subin"]
[Result "0-1"]
[WhiteElo "2015"]
[BlackElo "2045"]
[PlyCount "90"]
[EventDate "2005.11.06"]
[SourceDate "2005.10.25"]

1. e4 c5 2. Nc3 Nc6 3. f4 g6 4. Nf3 Bg7 5. Bb5 e6 6. Bxc6 bxc6 7. e5 f5 8. O-O
Ne7 9. d3 d5 10. Na4 d4 11. Nxc5 Qd5 12. Na4 c5 13. Nd2 Bd7 14. b3 Bxa4 15.
bxa4 Qc6 16. Qf3 Nd5 17. Nb3 Bf8 18. a5 Be7 19. Bd2 Kd7 20. g3 h6 21. Rf2 Raf8
22. Rc1 g5 23. c4 Nc7 24. Qxc6+ Kxc6 25. Rg2 g4 26. Kf2 h5 27. Rc2 Na6 28. Kg1
Rb8 29. Re2 h4 30. Rg2 Rh7 31. Kf2 Bd8 32. Be1 Nb4 33. Bxb4 Rxb4 34. Rb2 Ra4
35. Kg1 Rh8 36. Rge2 Bc7 37. Kg2 hxg3 38. hxg3 Bxa5 39. Nxa5+ Rxa5 40. Rb3 Ra6
41. Reb2 Rb6 42. Rb5 Rhb8 43. a4 a6 44. Ra2 axb5 45. axb5+ Kb7 0-1

[Event "4NCL/Div4/SCS vs. CAV"]
[Site "West Bromwich ENG"]
[Date "2005.11.06"]
[Round "2.5"]
[White "Lutton, J Arnold"]
[Black "Chapman, Timothy J"]
[Result "0-1"]
[WhiteElo "1940"]
[BlackElo "1855"]
[PlyCount "108"]
[EventDate "2005.11.06"]
[SourceDate "2005.10.25"]

1. e4 e5 2. f4 d5 3. Nc3 Nf6 4. Bd3 dxe4 5. Bxe4 Nxe4 6. Nxe4 Qd5 7. Qf3 Nd7 8.
d3 f5 9. Nc3 Qxf3 10. Nxf3 Bd6 11. O-O O-O 12. Re1 exf4 13. Nd5 Nb6 14. Nxf4
Bd7 15. Bd2 Rae8 16. Rxe8 Rxe8 17. Re1 Rxe1+ 18. Nxe1 Kf7 19. Nf3 h6 20. Ne2
Nd5 21. c4 Nb4 22. Nc1 Bc6 23. d4 Bxf3 24. gxf3 Be7 25. Kf1 Nc2 26. Nb3 Bf6 27.
Kf2 Nxd4 28. Nc5 Nc6 29. Nd3 Ne5 30. Nxe5+ Bxe5 31. b3 Bxh2 32. f4 g5 33. fxg5
hxg5 34. Bxg5 Kg6 35. Be3 a6 36. Kf3 Kf6 37. Bd4+ Be5 38. Be3 Ke6 39. Bc5 b5
40. cxb5 axb5 41. Bb4 Kd5 42. a4 bxa4 43. bxa4 c5 44. Bd2 c4 45. Ke3 c3 46. Be1
Kc4 47. a5 c2 48. Bd2 Bc3 49. Bc1 Bxa5 50. Kf4 Kd3 51. Kxf5 Bd2 52. Ba3 Kc4 53.
Ke4 Kb3 54. Kd3 Bg5 0-1

[Event "4NCL/Div4/SCS vs. CAV"]
[Site "West Bromwich ENG"]
[Date "2005.11.06"]
[Round "2.6"]
[White "Upham, John E"]
[Black "Lowry-O'Reilly, Hannah"]
[Result "0-1"]
[WhiteElo "1820"]
[BlackElo "1790"]
[PlyCount "108"]
[EventDate "2005.11.06"]
[SourceDate "2005.10.25"]

1. d4 d5 2. c4 e6 3. Nc3 Be7 4. cxd5 exd5 5. Bf4 c6 6. e3 Bf5 7. Qb3 Qb6 8.
Qxb6 axb6 9. Nf3 h6 10. Be2 Nf6 11. O-O Nbd7 12. Rfd1 O-O 13. Ne1 b5 14. Bd3
Bxd3 15. Nxd3 Nh5 16. Bg3 Nxg3 17. hxg3 Rfe8 18. Rdc1 Rac8 19. b4 Nb6 20. a4
bxa4 21. Nxa4 Nc4 22. Nac5 b6 23. Nb3 Ra8 24. Kf1 Bg5 25. Ke2 Rac8 26. Nf4 Be7
27. Nd3 Bd6 28. Ra7 Bxg3 29. Kf3 Bb8 30. Ra2 Re6 31. Nd2 b5 32. Nc5 Rf6+ 33.
Ke2 Bd6 34. Rca1 Nxd2 35. Rxd2 Bxc5 36. dxc5 Re8 37. Ra3 Rfe6 38. Rd4 Re4 39.
Kd3 f5 40. Ra6 R8e6 41. g3 Kf7 42. Rxe4 fxe4+ 43. Kd4 Kf6 44. Ra7 g6 45. Rd7 g5
46. Rc7 h5 47. Rh7 Kg6 48. Rd7 h4 49. gxh4 gxh4 50. Ra7 h3 51. Ra1 Kf5 52. Rg1
h2 53. Rh1 Rh6 54. Kc3 Kg4 0-1